书目信息 |
| 题名: |
Unigraphics NX6.0中文版标准实例教程
|
|
| 作者: | 高嵩峰 , 胡仁喜 , 康士廷 编著 | |
| 分册: | ||
| 出版信息: | 北京 机械工业出版社 2009 |
|
| 页数: | 13,327页 | |
| 开本: | 26cm | |
| 丛书名: | ||
| 单 册: | ||
| 中图分类: | TB472-39 | |
| 科图分类: | ||
| 主题词: | 工业产品--计算机辅助设计--图形软件--教材 , 工业产品 , 计算机辅助设计 , 图形软件 | |
| 电子资源: | ||
| ISBN: | 978-7-111-25536-9 | |
| 000 | 01183nam0 22003131 45 | |
| 005 | 20100303150444.35 | |
| 010 | @a978-7-111-25536-9@dCNY45.00 | |
| 100 | @a20100108d2009 em y0chiy50 ea | |
| 101 | 0 | @achi |
| 102 | @aCN@b110000 | |
| 105 | @ay z 000yy | |
| 106 | @ar | |
| 200 | 1 | @aUnigraphics NX6.0中文版标准实例教程@AUnigraphics NX6.0 Zhong Wen Ban Biao Zhun Shi Li Jiao Cheng@f高嵩峰,胡仁喜,康士廷等编著@FGao Song Feng, Hu Ren Xi, Kang Shi Ting Deng Bian Zhu |
| 205 | @a2版 | |
| 210 | @a北京@c机械工业出版社@d2009 | |
| 215 | @a13,327页@d26cm@e附光盘1片 | |
| 300 | @a计算机辅助设计课程教学规划教材 | |
| 307 | @a附光盘:ISBN 978-7-89482-889-7 | |
| 330 | @a本书按知识结构分为10章,内容包括UG NX6.0的简介、建模基础、曲线功能、草图设计、表达式、建模特征、编辑特征、曲面功能、装配建模、工程图等知识。 | |
| 606 | 0 | @a工业产品@x计算机辅助设计@x图形软件@j教材 |
| 606 | 0 | @a工业产品 |
| 606 | 0 | @a计算机辅助设计 |
| 606 | 0 | @a图形软件 |
| 690 | @aTB472-39@v4 | |
| 701 | 0 | @a高嵩峰@AGao Song Feng@4编著 |
| 701 | 0 | @a胡仁喜@AHu Ren Xi@4编著 |
| 701 | 0 | @a康士廷@AKang Shi Ting@4编著 |
| 801 | 0 | @aCN@bTANGWEI@c20100303 |
| 905 | @b0583583-87@dTB472-39@e191=2@f5 | |
| Unigraphics NX6.0中文版标准实例教程/高嵩峰,胡仁喜,康士廷等编著.-2版.-北京:机械工业出版社,2009 |
| 13,327页;26cm+附光盘1片 |
| 计算机辅助设计课程教学规划教材 |
| ISBN 978-7-111-25536-9:CNY45.00 |
| 本书按知识结构分为10章,内容包括UG NX6.0的简介、建模基础、曲线功能、草图设计、表达式、建模特征、编辑特征、曲面功能、装配建模、工程图等知识。 |
| ● |
| 相关链接 |
|
|
|
|
正题名:Unigraphics NX6.0中文版标准实例教程
索取号:TB472-39/191=2
 
预约/预借
| 序号 | 登录号 | 条形码 | 馆藏地/架位号 | 状态 | 备注 |
| 1 | 0583583 | 205835836 | 第二样本阅览室/ [索取号:TB472-39/191=2] | 在馆 | |
| 2 | 0583584 | 205835845 | 第三借阅区/ [索取号:TB472-39/191=2] | 在馆 | |
| 3 | 0583585 | 205835854 | 第三借阅区/ [索取号:TB472-39/191=2] | 在馆 | |
| 4 | 0583586 | 205835863 | 密集书库-物理学院/ [索取号:TB472-39/191=2] | 在馆 | |
| 5 | 0583587 | 205835872 | 第三借阅区/ [索取号:TB472-39/191=2] | 在馆 |